<?xml version="1.0" encoding="UTF-8"?>
<record
    xmlns:xsi="http://www.w3.org/2001/XMLSchema-instance"
    xsi:schemaLocation="http://www.loc.gov/MARC21/slim http://www.loc.gov/standards/marcxml/schema/MARC21slim.xsd"
    xmlns="http://www.loc.gov/MARC21/slim">

  <leader>00872nam a2200229Ia 4500</leader>
  <controlfield tag="005">20170605164837.0</controlfield>
  <datafield tag="010" ind1=" " ind2=" ">
    <subfield code="a">BAC-EN21</subfield>
  </datafield>
  <datafield tag="020" ind1=" " ind2=" ">
    <subfield code="a">9788126519071</subfield>
    <subfield code="c">479.00</subfield>
  </datafield>
  <datafield tag="020" ind1=" " ind2=" ">
    <subfield code="a">9788126519071</subfield>
    <subfield code="c">569.00</subfield>
  </datafield>
  <datafield tag="035" ind1=" " ind2=" ">
    <subfield code="a">B-584317-330</subfield>
  </datafield>
  <datafield tag="035" ind1=" " ind2=" ">
    <subfield code="a">B-669714</subfield>
  </datafield>
  <datafield tag="037" ind1=" " ind2=" ">
    <subfield code="b">Asian Book Centre/Ven</subfield>
    <subfield code="a">dpl</subfield>
  </datafield>
  <datafield tag="082" ind1=" " ind2=" ">
    <subfield code="a">658.562</subfield>
  </datafield>
  <datafield tag="100" ind1=" " ind2=" ">
    <subfield code="a">Kulkarni, V.A.</subfield>
  </datafield>
  <datafield tag="245" ind1=" " ind2=" ">
    <subfield code="a">Quality Control /</subfield>
    <subfield code="c">by V.A.Kulkarni and A.K.Berwoor</subfield>
  </datafield>
  <datafield tag="260" ind1=" " ind2=" ">
    <subfield code="c">2011</subfield>
    <subfield code="a">New Delhi</subfield>
    <subfield code="b">Wiley India</subfield>
  </datafield>
  <datafield tag="270" ind1=" " ind2=" ">
    <subfield code="a">4435-36/7, Ansari Road, Daryaganj</subfield>
    <subfield code="b">New Delhi</subfield>
    <subfield code="e">110002</subfield>
  </datafield>
  <datafield tag="300" ind1=" " ind2=" ">
    <subfield code="c">22cm(pbk)</subfield>
    <subfield code="a">373p.:</subfield>
    <subfield code="b">ill.</subfield>
  </datafield>
  <datafield tag="942" ind1=" " ind2=" ">
    <subfield code="c">EN</subfield>
    <subfield code="2">ddc</subfield>
    <subfield code="h">658.562</subfield>
    <subfield code="m">KUL</subfield>
  </datafield>
  <datafield tag="999" ind1=" " ind2=" ">
    <subfield code="c">88072</subfield>
    <subfield code="d">88072</subfield>
  </datafield>
  <datafield tag="952" ind1=" " ind2=" ">
    <subfield code="0">0</subfield>
    <subfield code="1">5</subfield>
    <subfield code="4">0</subfield>
    <subfield code="7">0</subfield>
    <subfield code="8">NFIC</subfield>
    <subfield code="a">BL1</subfield>
    <subfield code="b">BL1</subfield>
    <subfield code="d">2015-03-09</subfield>
    <subfield code="e">ABC/IN4453/13.12.2014/168/08.12.2014/30.12.2014</subfield>
    <subfield code="g">479.00</subfield>
    <subfield code="l">0</subfield>
    <subfield code="o">658.562 KUL</subfield>
    <subfield code="p">B-584317</subfield>
    <subfield code="r">2015-03-09 00:00:00</subfield>
    <subfield code="t">1</subfield>
    <subfield code="v">479.00</subfield>
    <subfield code="y">EN</subfield>
  </datafield>
  <datafield tag="952" ind1=" " ind2=" ">
    <subfield code="0">0</subfield>
    <subfield code="1">0</subfield>
    <subfield code="4">0</subfield>
    <subfield code="7">0</subfield>
    <subfield code="8">NFIC</subfield>
    <subfield code="a">KGM</subfield>
    <subfield code="b">KGM</subfield>
    <subfield code="d">2015-03-09</subfield>
    <subfield code="e">ABC/IN4453/13.12.2014/168/08.12.2014/30.12.2014</subfield>
    <subfield code="g">479.00</subfield>
    <subfield code="l">0</subfield>
    <subfield code="o">658.562 KUL</subfield>
    <subfield code="p">B-584318</subfield>
    <subfield code="r">2015-03-09 00:00:00</subfield>
    <subfield code="t">1</subfield>
    <subfield code="v">479.00</subfield>
    <subfield code="y">EN</subfield>
  </datafield>
  <datafield tag="952" ind1=" " ind2=" ">
    <subfield code="0">0</subfield>
    <subfield code="1">0</subfield>
    <subfield code="4">0</subfield>
    <subfield code="7">0</subfield>
    <subfield code="8">NFIC</subfield>
    <subfield code="a">JP</subfield>
    <subfield code="b">JP</subfield>
    <subfield code="d">2015-03-09</subfield>
    <subfield code="e">ABC/IN4453/13.12.2014/168/08.12.2014/30.12.2014</subfield>
    <subfield code="g">479.00</subfield>
    <subfield code="l">3</subfield>
    <subfield code="o">658.562 KUL</subfield>
    <subfield code="p">B-584319</subfield>
    <subfield code="r">2024-06-25 00:00:00</subfield>
    <subfield code="s">2017-03-11</subfield>
    <subfield code="t">1</subfield>
    <subfield code="v">479.00</subfield>
    <subfield code="y">EN</subfield>
  </datafield>
  <datafield tag="952" ind1=" " ind2=" ">
    <subfield code="0">0</subfield>
    <subfield code="1">0</subfield>
    <subfield code="4">0</subfield>
    <subfield code="7">0</subfield>
    <subfield code="8">NFIC</subfield>
    <subfield code="a">ZLS</subfield>
    <subfield code="b">ZLS</subfield>
    <subfield code="d">2015-03-09</subfield>
    <subfield code="e">ABC/IN4453/13.12.2014/168/08.12.2014/30.12.2014</subfield>
    <subfield code="g">479.00</subfield>
    <subfield code="l">0</subfield>
    <subfield code="o">658.562 KUL</subfield>
    <subfield code="p">B-584320</subfield>
    <subfield code="r">2015-03-09 00:00:00</subfield>
    <subfield code="t">1</subfield>
    <subfield code="v">479.00</subfield>
    <subfield code="y">EN</subfield>
  </datafield>
  <datafield tag="952" ind1=" " ind2=" ">
    <subfield code="0">0</subfield>
    <subfield code="1">0</subfield>
    <subfield code="4">0</subfield>
    <subfield code="7">0</subfield>
    <subfield code="8">NFIC</subfield>
    <subfield code="a">QRP</subfield>
    <subfield code="b">QRP</subfield>
    <subfield code="d">2015-03-09</subfield>
    <subfield code="e">ABC/IN4453/13.12.2014/168/08.12.2014/30.12.2014</subfield>
    <subfield code="g">479.00</subfield>
    <subfield code="l">0</subfield>
    <subfield code="o">658.562 KUL</subfield>
    <subfield code="p">B-584321</subfield>
    <subfield code="r">2015-03-09 00:00:00</subfield>
    <subfield code="t">1</subfield>
    <subfield code="v">479.00</subfield>
    <subfield code="y">EN</subfield>
  </datafield>
  <datafield tag="952" ind1=" " ind2=" ">
    <subfield code="0">0</subfield>
    <subfield code="1">0</subfield>
    <subfield code="4">0</subfield>
    <subfield code="7">0</subfield>
    <subfield code="8">NFIC</subfield>
    <subfield code="a">VP</subfield>
    <subfield code="b">VP</subfield>
    <subfield code="d">2015-03-09</subfield>
    <subfield code="e">ABC/IN4453/13.12.2014/168/08.12.2014/30.12.2014</subfield>
    <subfield code="g">479.00</subfield>
    <subfield code="l">5</subfield>
    <subfield code="o">658.562 KUL</subfield>
    <subfield code="p">B-584322</subfield>
    <subfield code="r">2017-07-25 00:00:00</subfield>
    <subfield code="s">2017-07-06</subfield>
    <subfield code="t">1</subfield>
    <subfield code="v">479.00</subfield>
    <subfield code="y">EN</subfield>
  </datafield>
  <datafield tag="952" ind1=" " ind2=" ">
    <subfield code="0">0</subfield>
    <subfield code="1">0</subfield>
    <subfield code="4">0</subfield>
    <subfield code="7">0</subfield>
    <subfield code="8">NFIC</subfield>
    <subfield code="a">BL3</subfield>
    <subfield code="b">BL3</subfield>
    <subfield code="d">2015-03-09</subfield>
    <subfield code="e">ABC/IN4453/13.12.2014/168/08.12.2014/30.12.2014</subfield>
    <subfield code="g">479.00</subfield>
    <subfield code="l">0</subfield>
    <subfield code="o">658.562 KUL</subfield>
    <subfield code="p">B-584323</subfield>
    <subfield code="r">2015-03-09 00:00:00</subfield>
    <subfield code="t">1</subfield>
    <subfield code="v">479.00</subfield>
    <subfield code="y">EN</subfield>
  </datafield>
  <datafield tag="952" ind1=" " ind2=" ">
    <subfield code="0">0</subfield>
    <subfield code="1">0</subfield>
    <subfield code="4">0</subfield>
    <subfield code="7">0</subfield>
    <subfield code="8">NFIC</subfield>
    <subfield code="a">NRR</subfield>
    <subfield code="b">NRR</subfield>
    <subfield code="d">2015-03-09</subfield>
    <subfield code="e">ABC/IN4453/13.12.2014/168/08.12.2014/30.12.2014</subfield>
    <subfield code="g">479.00</subfield>
    <subfield code="l">0</subfield>
    <subfield code="o">658.562 KUL</subfield>
    <subfield code="p">B-584324</subfield>
    <subfield code="r">2015-03-09 00:00:00</subfield>
    <subfield code="t">1</subfield>
    <subfield code="v">479.00</subfield>
    <subfield code="y">EN</subfield>
  </datafield>
  <datafield tag="952" ind1=" " ind2=" ">
    <subfield code="0">0</subfield>
    <subfield code="1">0</subfield>
    <subfield code="4">0</subfield>
    <subfield code="7">0</subfield>
    <subfield code="8">NFIC</subfield>
    <subfield code="a">BKK</subfield>
    <subfield code="b">BKK</subfield>
    <subfield code="d">2015-03-09</subfield>
    <subfield code="e">ABC/IN4453/13.12.2014/168/08.12.2014/30.12.2014</subfield>
    <subfield code="g">479.00</subfield>
    <subfield code="l">0</subfield>
    <subfield code="o">658.562 KUL</subfield>
    <subfield code="p">B-584325</subfield>
    <subfield code="r">2015-03-09 00:00:00</subfield>
    <subfield code="t">1</subfield>
    <subfield code="v">479.00</subfield>
    <subfield code="y">EN</subfield>
  </datafield>
  <datafield tag="952" ind1=" " ind2=" ">
    <subfield code="0">0</subfield>
    <subfield code="1">0</subfield>
    <subfield code="4">0</subfield>
    <subfield code="7">0</subfield>
    <subfield code="8">NFIC</subfield>
    <subfield code="a">NR</subfield>
    <subfield code="b">NR</subfield>
    <subfield code="d">2015-03-09</subfield>
    <subfield code="e">ABC/IN4453/13.12.2014/168/08.12.2014/30.12.2014</subfield>
    <subfield code="g">479.00</subfield>
    <subfield code="l">0</subfield>
    <subfield code="o">658.562 KUL</subfield>
    <subfield code="p">B-584326</subfield>
    <subfield code="r">2015-03-09 00:00:00</subfield>
    <subfield code="t">1</subfield>
    <subfield code="v">479.00</subfield>
    <subfield code="y">EN</subfield>
  </datafield>
  <datafield tag="952" ind1=" " ind2=" ">
    <subfield code="0">0</subfield>
    <subfield code="1">0</subfield>
    <subfield code="4">0</subfield>
    <subfield code="7">0</subfield>
    <subfield code="8">NFIC</subfield>
    <subfield code="a">BN</subfield>
    <subfield code="b">BN</subfield>
    <subfield code="d">2015-03-09</subfield>
    <subfield code="e">ABC/IN4453/13.12.2014/168/08.12.2014/30.12.2014</subfield>
    <subfield code="g">479.00</subfield>
    <subfield code="l">0</subfield>
    <subfield code="o">658.562 KUL</subfield>
    <subfield code="p">B-584327</subfield>
    <subfield code="r">2015-03-09 00:00:00</subfield>
    <subfield code="t">1</subfield>
    <subfield code="v">479.00</subfield>
    <subfield code="y">EN</subfield>
  </datafield>
  <datafield tag="952" ind1=" " ind2=" ">
    <subfield code="0">0</subfield>
    <subfield code="1">0</subfield>
    <subfield code="4">0</subfield>
    <subfield code="7">0</subfield>
    <subfield code="8">NFIC</subfield>
    <subfield code="a">RC3</subfield>
    <subfield code="b">RC3</subfield>
    <subfield code="d">2015-03-09</subfield>
    <subfield code="e">ABC/IN4453/13.12.2014/168/08.12.2014/30.12.2014</subfield>
    <subfield code="g">479.00</subfield>
    <subfield code="l">0</subfield>
    <subfield code="o">658.562 KUL</subfield>
    <subfield code="p">B-584328</subfield>
    <subfield code="r">2015-03-09 00:00:00</subfield>
    <subfield code="t">3</subfield>
    <subfield code="v">479.00</subfield>
    <subfield code="y">EN</subfield>
  </datafield>
  <datafield tag="952" ind1=" " ind2=" ">
    <subfield code="0">0</subfield>
    <subfield code="1">0</subfield>
    <subfield code="4">0</subfield>
    <subfield code="7">0</subfield>
    <subfield code="8">NFIC</subfield>
    <subfield code="a">RC3</subfield>
    <subfield code="b">RC3</subfield>
    <subfield code="d">2015-03-09</subfield>
    <subfield code="e">ABC/IN4453/13.12.2014/168/08.12.2014/30.12.2014</subfield>
    <subfield code="g">479.00</subfield>
    <subfield code="l">0</subfield>
    <subfield code="o">658.562 KUL</subfield>
    <subfield code="p">B-584329</subfield>
    <subfield code="r">2015-03-09 00:00:00</subfield>
    <subfield code="t">3</subfield>
    <subfield code="v">479.00</subfield>
    <subfield code="y">EN</subfield>
  </datafield>
  <datafield tag="952" ind1=" " ind2=" ">
    <subfield code="0">0</subfield>
    <subfield code="1">0</subfield>
    <subfield code="4">0</subfield>
    <subfield code="7">0</subfield>
    <subfield code="8">NFIC</subfield>
    <subfield code="a">RC3</subfield>
    <subfield code="b">RC3</subfield>
    <subfield code="d">2015-03-09</subfield>
    <subfield code="e">ABC/IN4453/13.12.2014/168/08.12.2014/30.12.2014</subfield>
    <subfield code="g">479.00</subfield>
    <subfield code="l">0</subfield>
    <subfield code="o">658.562 KUL</subfield>
    <subfield code="p">B-584330</subfield>
    <subfield code="r">2015-03-09 00:00:00</subfield>
    <subfield code="t">3</subfield>
    <subfield code="v">479.00</subfield>
    <subfield code="y">EN</subfield>
  </datafield>
  <datafield tag="952" ind1=" " ind2=" ">
    <subfield code="0">0</subfield>
    <subfield code="1">0</subfield>
    <subfield code="4">0</subfield>
    <subfield code="7">0</subfield>
    <subfield code="8">NFIC</subfield>
    <subfield code="a">AV</subfield>
    <subfield code="b">AV</subfield>
    <subfield code="d">2017-06-05</subfield>
    <subfield code="e">BPPD/EN/2014-15/AV/16-17/413/15.2.2017/5057/28.2.2017/ 24.3.2017</subfield>
    <subfield code="g">569.00</subfield>
    <subfield code="l">1</subfield>
    <subfield code="o">658.562 KUL</subfield>
    <subfield code="p">B-669714</subfield>
    <subfield code="r">2018-12-24 00:00:00</subfield>
    <subfield code="s">2018-12-11</subfield>
    <subfield code="t">1</subfield>
    <subfield code="v">569.00</subfield>
    <subfield code="w">2017-06-05</subfield>
    <subfield code="y">EN</subfield>
  </datafield>
</record>
